000 00716nam a2200253Ia 4500
003 OSt
005 20220912145122.0
006 a|||||r|||| 00| 0
007 ta
008 220909b |||||||| |||| 00| 0 eng d
024 _a74712
037 _cTextual
040 _aCSL
_beng
_cCSL
041 _aeng
082 _aD66,8(C5:72), L6
100 _aDuley W W
245 0 _aC02 lasers: Effects and applications
260 _aNew York
_bAcademic
_c1976
300 _axiii, 427p.
_ccm.
490 _aQuantum electronics - principles and applications: A series of monographs
650 _aElectrical laser
942 _hD66,8(C5:72), L6
_cTEXL
_2CC
999 _c23777
_d23777